00733nam a2200217Ia 450000500170000000800410001702000250005804000190008304100120010208200190011424500650013326000490019830000150024744000340026250400500029663000580034665000290040465100480043370000240048185000100050520230114121739.0131103s9999 xx 000 0 und d a791078248cRs 495.00 aLoreto College aEnglish a821.4bMIL-BLO aJohn MiltoncEdited and with an introduction by Harold Bloom aPhiladelphiabChelsea House Publishersc2004 avii,358p.  aBloom's modern critical views aIncludes bibliographical references and index aMilton, John., 1608-1674-Criticism and interpretation aMilton, John., 1608-1674 aEnglish poetry-Criticism and interpretation aBloom, Harold.4ed. aLCLIB